<?xml version="1.0" encoding="UTF-8"?>
<record
    xmlns:xsi="http://www.w3.org/2001/XMLSchema-instance"
    xsi:schemaLocation="http://www.loc.gov/MARC21/slim http://www.loc.gov/standards/marcxml/schema/MARC21slim.xsd"
    xmlns="http://www.loc.gov/MARC21/slim">

  <leader>00730nam a2200205   4500</leader>
  <controlfield tag="003">NUST</controlfield>
  <controlfield tag="005">20220308130146.0</controlfield>
  <controlfield tag="008">220308b           ||||| |||| 00| 0 eng d</controlfield>
  <datafield tag="020" ind1=" " ind2=" ">
    <subfield code="a">9780367382827</subfield>
  </datafield>
  <datafield tag="022" ind1=" " ind2=" ">
    <subfield code="2">9780367382827</subfield>
  </datafield>
  <datafield tag="028" ind1=" " ind2=" ">
    <subfield code="a">CRC Press</subfield>
  </datafield>
  <datafield tag="038" ind1=" " ind2=" ">
    <subfield code="a">SAIF</subfield>
  </datafield>
  <datafield tag="040" ind1=" " ind2=" ">
    <subfield code="a">DLC</subfield>
  </datafield>
  <datafield tag="082" ind1=" " ind2=" ">
    <subfield code="2">515.35</subfield>
    <subfield code="a">BAI</subfield>
  </datafield>
  <datafield tag="245" ind1=" " ind2=" ">
    <subfield code="a">Differential Equations with Maxima</subfield>
    <subfield code="b">Drumi D. Bainov, Snezhana G. Hristova</subfield>
  </datafield>
  <datafield tag="440" ind1=" " ind2=" ">
    <subfield code="a">Differential Equations with Maxima</subfield>
    <subfield code="n">1st Edition</subfield>
    <subfield code="9">90497</subfield>
  </datafield>
  <datafield tag="500" ind1=" " ind2=" ">
    <subfield code="a">Introduction. Integral Inequalities with Maxima. General Theory. Stability Theory and Lyapunov Functions. Oscillation Theory. Asymptotic Methods. Averaging Method. Notes and Comments. Bibliography.</subfield>
  </datafield>
  <datafield tag="563" ind1=" " ind2=" ">
    <subfield code="a">H.B</subfield>
  </datafield>
  <datafield tag="942" ind1=" " ind2=" ">
    <subfield code="2">ddc</subfield>
    <subfield code="c">BK</subfield>
  </datafield>
  <datafield tag="999" ind1=" " ind2=" ">
    <subfield code="c">588692</subfield>
    <subfield code="d">588692</subfield>
  </datafield>
  <datafield tag="952" ind1=" " ind2=" ">
    <subfield code="0">0</subfield>
    <subfield code="1">0</subfield>
    <subfield code="2">ddc</subfield>
    <subfield code="4">0</subfield>
    <subfield code="7">0</subfield>
    <subfield code="a">NIT</subfield>
    <subfield code="b">NIT</subfield>
    <subfield code="d">2022-03-08</subfield>
    <subfield code="l">0</subfield>
    <subfield code="o">515.35 BAI</subfield>
    <subfield code="p">NIT-13547</subfield>
    <subfield code="r">2022-03-08</subfield>
    <subfield code="w">2022-03-08</subfield>
    <subfield code="y">BK</subfield>
  </datafield>
</record>
